000 01490nam a2200277Ia 4500
999 _c4792
_d4792
003 OSt
005 20200513111956.0
008 191128s2012 ck gr 000 0 spa d
020 _a9789585747715
040 _aCO-JMCR
_cCO-JMCR
041 0 _aspa
082 0 4 _a307.1412 /
_2M113p
_b23
100 1 _aMachado, C., Absalón,
_eautor
_94238
245 1 0 _aPropuestas, visiones y análisis sobre la política de desarrollo rural en Colombia :
_bvoces de académicos y expertos /
_cAbsalón Machado C., Aurelio Suárez Montoya, Cecilia López Montaño, Juan Patricio Molina [y otros 3]
250 _aPrimera edición
260 _aBogotá :
_bOxfam,
_c2012
300 _a133 páginas ;
_c27 cm.
505 _aLuces y sombras en el desarrollo rural. Reflexiones a la luz del proyecto de ley de tierras y desarrollo rural del gobierno de Santos -- Desarrollo rural, ¿camino para construir la paz? -- ¿Es el derecho de superficie instrumento para el desarrollo rural?
520 _aOxfam es una confederación internacional de 17 organizaciones que trabajan conjuntamente en 92 países como parte de un movimiento global por el cambio, con el objetivo de construir un futuro libre de la injusticia y la pobreza.
650 1 4 _aDesarrollo rural Agricultura
_94239
650 2 4 _aPlanificación rural
_94229
700 1 _aSuárez Montoya, Aurelio,
_eautor
_94240
700 1 _aLópez Montaño, Cecilia,
_eautor
_94241
700 1 _aMolina, Juan Patricio,
_eautor
_94242
942 _2ddc
_cBK